Administative Law 7th Ed (Record no. 19385)

MARC details
000 -LEADER
fixed length control field 00391nam a2200157Ia 4500
008 - FIXED-LENGTH DATA ELEMENTS--GENERAL INFORMATION
fixed length control field 221220s9999 xx 000 0 und d
020 ## - INTERNATIONAL STANDARD BOOK NUMBER
ISBN 978-81-8038-051-8
041 ## - LANGUAGE CODE
Language code of text/sound track or separate title
100 ## - MAIN ENTRY--AUTHOR NAME
Personal name S. P. Seth
245 #0 - TITLE STATEMENT
Title Administative Law 7th Ed
Statement of responsibility, etc by S. P. Seth
250 ## - EDITION STATEMENT
Edition statement 7th
260 ## - PUBLICATION, DISTRIBUTION, ETC. (IMPRINT)
Name of publisher Lexis Nexis
Place of publication Haryana
Year of publication 2015
300 ## - PHYSICAL DESCRIPTION
Number of Pages 693
650 ## - SUBJECT ADDED ENTRY--TOPICAL TERM
Topical Term Administrative Law
942 ## - ADDED ENTRY ELEMENTS (KOHA)
Source of classification or shelving scheme
Koha item type Books
Holdings
Accession Number Cost, normal purchase price Bill Date Source of acquisition Price effective from Koha item type Withdrawn / writtenoff status Materials specified (bound volume or other part) Damaged status Not for loan Permanent Location Current Location Shelving location Date acquired Lost/ Missing status department
LLB 267 925.00 81 ABD, Jammu 12/20/2022 Books   Print   Not For Loan MIET Library, Jammu MIET Library, Jammu 180/5     BBA LLB
LLB 268 925.00 81 ABD, Jammu 12/20/2022 Books   Print     MIET Library, Jammu MIET Library, Jammu 186/5     BBA LLB